000 01417nam a2200373 i 4500
003 CO-BoRNBP
005 20230504125833.0
007 ta
008 221201s2022 ck o er 000 f spa d
020 _a9786289529401
040 _aCO-BoRNBP
_bspa
_erda
_cCO-BoRNBP
041 0 _aspa
043 _as-ck---
084 _aT VIV1
100 1 _aVivas Ferreira, Carolina
_d1961-
_eautora
_91617
245 1 0 _aTeatro y país
_bocho obras
_cCarolina Vivas Ferreira ; prólogo Sandro Romero Rey ; fotografías Umbral Teatro
250 _aEdición especial
264 1 _aBogotá, Colombia
_bFundación Teatro Musical Latinoamericano
_c2022
300 _a367 páginas
_bfotografías en blanco y negro
_c22 cm
336 _atexto
_btxt
_2rdacontent
337 _asin mediación
_bn
_2rdamedia
338 _avolumen
_bnc
_2rdacarrier
490 0 _aPlan Nacional de Lectura y Escritura Leer es mi Cuento / Ministerio de Cultura
490 0 _aTeatro Colombiano
521 _aRecomendado para público adulto
600 1 _aVivas Ferreira, Carolina
_d1961-
_vColecciones de escritos
_91618
650 1 7 _aTeatro colombiano
_ySiglo XX
_2LEMB
_91619
650 1 7 _aLiteratura colombiana
_ySiglo XX
_2LEMB
_9427
650 1 7 _aAutores colombianos
_ySiglo XX
_2LEMB
_9428
650 1 7 _aViolencia en el teatro
_2LEMB
_91620
700 1 _aRomero Rey, Sandro
_eprologuista
_91621
710 2 _aUmbral Teatro
_efotografía
_91622
942 _cBKLIT
999 _c9459
_d9459